000 00231nam a22001097a 4500
999 _c166648
_d166648
082 _a
_b
100 _aAgyeya
245 _aChuni hui kavithayen/
_cby Agyeya.
260 _aNew Delhi:
_bRajpal,
_c2006.
650 _a
942 _cBK